Digital signal processing : principles, algorithms and applications (Record no. 179644)
[ view plain ]
| 000 -LEADER | |
|---|---|
| fixed length control field | 00498nam a2200169Ia 4500 |
| 005 - DATE AND TIME OF LATEST TRANSACTION | |
| control field | 20250312110457.0 |
| 008 - FIXED-LENGTH DATA ELEMENTS--GENERAL INFORMATION | |
| fixed length control field | 231217s9999 xx 000 0 und d |
| 020 ## - INTERNATIONAL STANDARD BOOK NUMBER | |
| International Standard Book Number | 9788120330306 |
| 082 ## - DEWEY DECIMAL CLASSIFICATION NUMBER | |
| Classification number | 621.38481 PRO;38 |
| 100 ## - MAIN ENTRY--PERSONAL NAME | |
| Personal name | Proakis, John G. Manolakis, Dimitris G. |
| 245 #0 - TITLE STATEMENT | |
| Title | Digital signal processing : principles, algorithms and applications |
| 250 ## - EDITION STATEMENT | |
| Edition statement | 4th ed. |
| 260 ## - PUBLICATION, DISTRIBUTION, ETC. (IMPRINT) | |
| Date of publication, distribution, etc. | 2007 |
| Name of publisher, distributor, etc. | PHI |
| Place of publication, distribution, etc. | Netherland |
| 300 ## - PHYSICAL DESCRIPTION | |
| Extent | xix+1084 |
| 650 ## - SUBJECT ADDED ENTRY--TOPICAL TERM | |
| Topical term or geographic name as entry element | Digital,processing,:,principles, |
| 942 ## - ADDED ENTRY ELEMENTS (KOHA) | |
| Koha item type | Books |
| Date last seen | Total Checkouts | Full call number | Accession number | Old discount | Uniform Resource Identifier | Cost, replacement price | Price effective from | Category | Lost status | Damaged status | Department | Withdrawn status | bill no. | bill date | Permanent Location | Current Location | Shelving location | Entry date | Vendor | Cost, normal purchase price | Grants | Currency symbol | Conversion rate | Discount | Discount type |
|---|---|---|---|---|---|---|---|---|---|---|---|---|---|---|---|---|---|---|---|---|---|---|---|---|---|
| 26/01/2024 | 621.38481 PRO;38 | 46644 | 25 | digital/content/49918.pdf | 296.25 | 26/01/2024 | Books | CS | 857 | 26/12/2008 | Central Library | Central Library | CS | 06/11/2007 | Tata Book House | 395.00 | CS/PG | RS | 1 | 98.75 | Rupees |
